000
00341nam a2200145Ia 4500
008
220928s9999 xx 000 0 und d
082
_b
GUL
100
_a
GULECHA, JETHMAL
245
0
_a
JAIN AAGAM MEIN PAAP AUR PUNYA
260
_b
UDAIPUR, JAUHARI SADAN,
_c
2013
300
_a
152
650
_a
General
942
_c
BK
999
_c
208378
_d
208378
041
_a
HINDI